Statistics for 関東の大手私鉄乗降客数ランキングワースト5

Click here to take the quiz!

General Stats

  • This quiz has been taken 7 times
  • The average score is 28 of 46

Answer Stats

会社名順位乗降客数(人)路線駅名% Correct
41,730東成田線東成田
100%
34,207動物園線多摩動物公園
83%
44,645高尾線山田
83%
東急1856こどもの国線恩田
83%
京王11,794競馬場線府中競馬正門前
83%
東京メトロ18,131南北線西ケ原
83%
京成1311本線大佐倉
83%
5398池袋線東吾野
83%
515,438銀座線稲荷町
83%
西武1173秩父線正丸
83%
23,765新横浜線羽沢横浜国大
83%
23,589小田原線足柄
67%
45,916小田原線富水
67%
55,283逗子線神武寺
67%
相鉄12,227いずみ野線ゆめが丘
67%
293日光線上今市
67%
411,898いずみ野線南万騎が原
67%
東武157日光線板荷
67%
513,230本線相模大塚
67%
54,724高尾線京王片倉
67%
4369秩父線芦ヶ久保
67%
3256秩父線西吾野
67%
31,495成田空港線成田湯川
67%
21,388成田空港線印旛日本医大
67%
3104佐野線田島
50%
38,294本線平沼橋
50%
4125鬼怒川線大桑
50%
5135鬼怒川線大谷向
50%
※同率小田原線栢山
50%
2238池袋線武蔵横手
50%
35,416小田原線螢田
50%
小田急13,588小田原線南新宿
50%
313,353南北線志茂
50%
23,570京王線長沼
50%
212,224有楽町線桜田門
50%
23,913本線神奈川
50%
52,041千葉線新千葉
50%
36,995池上線大崎広小路
50%
26,657大井町線北千束
50%
414,772南北線白金台
33%
44,160本線京急大津
33%
34,063本線逸見
33%
57,086小田原線東北沢
33%
京急13,902本線安針塚
33%
58,289大井町線下神明
33%
47,508池上線蓮沼
33%

Score Distribution

Percentile by Number Answered

Percent of People with Each Score

Your Score History

You have not taken this quiz